<?xml version="1.0" encoding="UTF-8"?>
<record
    xmlns:xsi="http://www.w3.org/2001/XMLSchema-instance"
    xsi:schemaLocation="http://www.loc.gov/MARC21/slim http://www.loc.gov/standards/marcxml/schema/MARC21slim.xsd"
    xmlns="http://www.loc.gov/MARC21/slim">

  <leader>01698nam0a2200349   4500</leader>
  <controlfield tag="001">RU\NLR\ONL2\14568</controlfield>
  <controlfield tag="005">20250613131308.0</controlfield>
  <datafield tag="010" ind1=" " ind2=" ">
    <subfield code="a">978-5-87730-391-1</subfield>
    <subfield code="9">500</subfield>
  </datafield>
  <datafield tag="035" ind1=" " ind2=" ">
    <subfield code="a">(NLR Aleph) 009662153</subfield>
  </datafield>
  <datafield tag="090" ind1=" " ind2=" ">
    <subfield code="a">9618900</subfield>
    <subfield code="c">9618900</subfield>
  </datafield>
  <datafield tag="100" ind1=" " ind2=" ">
    <subfield code="a">20090820d2009    |||y0rusy50      ca</subfield>
  </datafield>
  <datafield tag="101" ind1="0" ind2=" ">
    <subfield code="a">tat</subfield>
  </datafield>
  <datafield tag="102" ind1=" " ind2=" ">
    <subfield code="a">RU</subfield>
  </datafield>
  <datafield tag="105" ind1=" " ind2=" ">
    <subfield code="a">y |||||||||</subfield>
  </datafield>
  <datafield tag="200" ind1="1" ind2=" ">
    <subfield code="a">&#x42D;&#x43C;&#x438;&#x440;&#x445;&#x430;&#x43D; &#x415;&#x43D;&#x438;&#x43A;&#x438;: &#x44D;&#x434;&#x438;&#x43F;&#x43D;&#x435;&#x43D; &#x442;&#x43E;&#x440;&#x43C;&#x44B;&#x448; h&#x44D;&#x43C; &#x438;&#x436;&#x430;&#x442; &#x44E;&#x43B;&#x44B;</subfield>
    <subfield code="e">&#x43C;&#x43E;&#x43D;&#x43E;&#x433;&#x440;&#x430;&#x444;&#x438;&#x44F;</subfield>
    <subfield code="e">(&#x44F;&#x437;&#x443;&#x447;&#x44B;&#x43D;&#x44B;&#x43D; 100 &#x435;&#x43B;&#x43B;&#x44B;&#x433;&#x44B;&#x43D;&#x430; &#x431;&#x430;&#x433;&#x44B;&#x448;&#x43B;&#x430;&#x43D;&#x430;)</subfield>
    <subfield code="f">&#x424;&#x44D;&#x440;&#x438;&#x442; &#x425;&#x430;&#x442;&#x438;&#x43F;&#x43E;&#x432;, &#x420;&#x438;&#x444;&#x430;&#x442; &#x421;&#x432;&#x435;&#x440;&#x438;&#x433;&#x438;&#x43D;</subfield>
    <subfield code="g">&#x420;&#x424; &#x43C;&#x44D;&#x433;&#x430;&#x440;&#x438;&#x444; h&#x44D;&#x43C; &#x444;&#x44D;&#x43D; &#x43C;-&#x43B;&#x44B;&#x433;&#x44B;. &#x42E;&#x433;&#x430;&#x440;&#x44B; h&#x4E9;&#x43D;&#x44D;&#x440;&#x438; &#x431;&#x435;&#x43B;&#x435;&#x43C; &#x431;&#x438;&#x440;&#x443; &#x434;&#x44D;&#x443;&#x43B;&#x44D;&#x442; &#x43C;&#x44D;&#x433;&#x430;&#x440;&#x438;&#x444; &#x443;&#x447;&#x440;&#x435;&#x436;&#x434;&#x435;&#x43D;&#x438;&#x435;&#x441;&#x435; "&#x422;&#x430;&#x442;&#x430;&#x440; &#x434;&#x44D;&#x443;&#x43B;&#x44D;&#x442; &#x433;&#x443;&#x43C;&#x430;&#x43D;&#x438;&#x442;&#x430;&#x440;-&#x43F;&#x435;&#x434;&#x430;&#x433;&#x43E;&#x433;&#x438;&#x43A;&#x430; &#x443;&#x43D;&#x438;&#x432;&#x435;&#x440;&#x441;&#x438;&#x442;&#x435;&#x442;&#x44B;"</subfield>
  </datafield>
  <datafield tag="210" ind1=" " ind2=" ">
    <subfield code="a">&#x41A;&#x430;&#x437;&#x430;&#x43D;</subfield>
    <subfield code="c">&#x422;&#x414;&#x413;&#x41F;&#x423;</subfield>
    <subfield code="d">2009</subfield>
  </datafield>
  <datafield tag="215" ind1=" " ind2=" ">
    <subfield code="a">114 &#x431;.</subfield>
    <subfield code="d">21</subfield>
  </datafield>
  <datafield tag="320" ind1=" " ind2=" ">
    <subfield code="a">&#x411;&#x438;&#x431;&#x43B;&#x438;&#x43E;&#x433;&#x440;.: &#x441;. 100-113.</subfield>
  </datafield>
  <datafield tag="541" ind1="1" ind2=" ">
    <subfield code="6">z01790</subfield>
    <subfield code="a">&#x410;&#x43C;&#x438;&#x440;&#x445;&#x430;&#x43D; &#x415;&#x43D;&#x438;&#x43A;&#x438;</subfield>
    <subfield code="e">&#x43C;&#x43E;&#x43D;&#x43E;&#x433;&#x440;&#x430;&#x444;&#x438;&#x44F;.</subfield>
    <subfield code="z">rus</subfield>
  </datafield>
  <datafield tag="600" ind1="0" ind2="1">
    <subfield code="a">&#x415;&#x43D;&#x438;&#x43A;&#x438;</subfield>
    <subfield code="b">&#x42D;.</subfield>
    <subfield code="f">1909-2000</subfield>
    <subfield code="g">&#x42D;&#x43C;&#x438;&#x440;&#x445;&#x430;&#x43D;</subfield>
    <subfield code="2">psbo</subfield>
  </datafield>
  <datafield tag="606" ind1="0" ind2=" ">
    <subfield code="a">&#x422;&#x430;&#x442;&#x430;&#x440;&#x441;&#x43A;&#x430;&#x44F; &#x43B;&#x438;&#x442;&#x435;&#x440;&#x430;&#x442;&#x443;&#x440;&#x430;</subfield>
    <subfield code="x">&#x418;&#x441;&#x442;&#x43E;&#x440;&#x438;&#x44F;</subfield>
    <subfield code="9">2175405</subfield>
    <subfield code="3">RU\NLR\auth-onl\6689</subfield>
  </datafield>
  <datafield tag="686" ind1="1" ind2=" ">
    <subfield code="a">&#x428;5(2=&#x422;&#x430;&#x442;)7-4&#x415;&#x43D;&#x438;&#x43A;&#x438; &#x42D;.4</subfield>
  </datafield>
  <datafield tag="700" ind1=" " ind2="1">
    <subfield code="a">&#x425;&#x430;&#x442;&#x438;&#x43F;&#x43E;&#x432;</subfield>
    <subfield code="b">&#x424;. &#x41C;.</subfield>
    <subfield code="g">&#x424;&#x44D;&#x440;&#x438;&#x442; &#x41C;&#x438;&#x440;&#x433;&#x430;&#x43B;&#x438;&#x43C; &#x443;&#x43B;&#x44B;</subfield>
    <subfield code="4">070</subfield>
  </datafield>
  <datafield tag="701" ind1=" " ind2="1">
    <subfield code="a">&#x421;&#x432;&#x435;&#x440;&#x438;&#x433;&#x438;&#x43D;</subfield>
    <subfield code="b">&#x420;. &#x425;.</subfield>
    <subfield code="g">&#x420;&#x438;&#x444;&#x430;&#x442; &#x425;&#x44D;&#x441;&#x44D;&#x43D; &#x443;&#x43B;&#x44B;</subfield>
    <subfield code="4">070</subfield>
  </datafield>
  <datafield tag="790" ind1=" " ind2="1">
    <subfield code="6">z01541</subfield>
    <subfield code="a">&#x425;&#x430;&#x442;&#x438;&#x43F;&#x43E;&#x432;</subfield>
    <subfield code="b">&#x424;. &#x41C;.</subfield>
    <subfield code="c">&#x434;-&#x440; &#x444;&#x438;&#x43B;&#x43E;&#x43B;. &#x43D;., &#x43F;&#x440;&#x43E;&#x444;.</subfield>
    <subfield code="g">&#x424;&#x430;&#x440;&#x438;&#x442; &#x41C;&#x438;&#x440;&#x433;&#x430;&#x43B;&#x438;&#x43C;&#x43E;&#x432;&#x438;&#x447;</subfield>
    <subfield code="4">070</subfield>
  </datafield>
  <datafield tag="801" ind1=" " ind2="0">
    <subfield code="a">RU</subfield>
    <subfield code="b">NLR</subfield>
    <subfield code="c">20090820</subfield>
    <subfield code="g">PSBO</subfield>
  </datafield>
  <datafield tag="852" ind1=" " ind2=" ">
    <subfield code="a">NLR</subfield>
    <subfield code="b">&#x41E;&#x41D;&#x41B;</subfield>
    <subfield code="j">&#x422;&#x430;&#x442;&#x430;&#x440;./3-13714</subfield>
  </datafield>
  <datafield tag="942" ind1=" " ind2=" ">
    <subfield code="c">BOOK</subfield>
  </datafield>
  <datafield tag="980" ind1=" " ind2=" ">
    <subfield code="a">NB</subfield>
  </datafield>
  <datafield tag="980" ind1=" " ind2=" ">
    <subfield code="a">ONL_RF</subfield>
  </datafield>
  <datafield tag="995" ind1=" " ind2=" ">
    <subfield code="5">2013-10-26</subfield>
    <subfield code="b">NLR01</subfield>
    <subfield code="c">NLR01</subfield>
    <subfield code="e">ONL</subfield>
    <subfield code="f">9662153-10</subfield>
    <subfield code="k">&#x422;&#x430;&#x442;&#x430;&#x440;./3-13714</subfield>
    <subfield code="o">0</subfield>
    <subfield code="r">BOOK</subfield>
    <subfield code="s">313714_</subfield>
  </datafield>
</record>
